عرض عادي
عرض مارك
- Machunis-Masuoka, Elizabeth.
مدخل إسم شخص
001 - رقم الضبط
- حقل الضبط: 10604
003 - معرف رقم الضبط
- حقل الضبط: OSt
005 - تاريخ ووقت أخر عملية
- حقل الضبط: 20120410171131.0
008 - عناصر بيانات ثابتة الطول
- حقل تحكم ثابت الطول: 120410|||a|||||| | ||| d
040 ## - مصدر الفهرسة
- هيئة الفهرسة الأصلية: OSt
- وكالة الكتابة: OSt
100 ## - مدخل -- أسم شخص
- إسم شخص: Machunis-Masuoka, Elizabeth.
670 ## - بيانات المصدر موجوده
- الاستشهاد بالمصدر: Work cat.: (OSt)0: Bauman, Robert W. 10603, Microbiology :, c2011.
